Biblioteka Instytutu Północnego w Olsztynie

Widok standardowy Widok MARC

Pozycja Topical Term

Liczba rekordów, w których użyto hasła: 1

001 - Numer kontrolny

  • control field: 40444

003 - Identyfikator numeru kontrolnego

  • control field: NUKAT

005 - Data i czas ostatniej modyfikacji

  • control field: 20260423215552.0

008 - Dane kontrolne kodowane (40 znaków)

  • fixed length control field: 011120 ||a|cnnbabn |a ann |c

010 ## - Numer kontrolny Biblioteki Kongresu

  • numer kontrolny LC: m 2014103046

035 ## - Numer systemowy

  • numer systemowy: D014495Q000458

040 ## - Instytucja sporządzająca rekord

  • inst. przygot. dane do rek. khw: DNLM
  • inst. modyf. rek. khw: POZN 59
  • inst. modyf. rek. khw: KR U/42

150 ## - Hasło - nazwa pospolita

  • nazwa posp. lub nazwa geogr. na pocz.: Uniwersytety
  • określnik rzeczowy: organizacja i zarządzanie

450 ## - Trop zob. - nazwa pospolita

  • nazwa posp. lub nazwa geogr. na pocz.: Universities
  • określnik rzeczowy: organization & administration

670 ## - Źródło informacji

  • źródło informacji: MeSH 2007
Biblioteka Instytutu Północnego, ul. Partyzantów 87, 10-402 Olsztyn, email: biblioteka(at)ip.olsztyn.pl